| 000 | 00346nam a22001337a 4500 | ||
|---|---|---|---|
| 082 |
_a425 _bOSW/C |
||
| 100 | _aOSWAAL | ||
| 245 | _aCBSE QUESTION PAPERS - ENGLISH XTH | ||
| 246 |
_aCBSE QUESTION PAPERS - ENGLISH XTH _bCBSE QUESTION PAPERS - ENGLISH XTH |
||
| 260 |
_aNEW DELHI _bOSWAAL _c2024 |
||
| 300 | _a335 | ||
| 650 | _aENGLISH | ||
| 942 | _cBK | ||
| 999 |
_c8941 _d8941 |
||